Swatting the fly tippers (Record no. 32759)

MARC details
000 -LEADER
fixed length control field 00985cab a2200229 4500
001 - CONTROL NUMBER
control field ABS45459
008 - FIXED-LENGTH DATA ELEMENTS--GENERAL INFORMATION
fixed length control field 090401t1991 xxu||||| |||| 00| 0 eng d
035 ## - SYSTEM CONTROL NUMBER
System control number (Sirsi) u53103
041 ## - LANGUAGE CODE
Language code of text/sound track or separate title eng
100 ## - MAIN ENTRY--PERSONAL NAME
Personal name Reeds, J.
245 ## - TITLE STATEMENT
Title Swatting the fly tippers
260 ## - PUBLICATION, DISTRIBUTION, ETC.
Date of publication, distribution, etc. 1991
350 ## - PRICE (NR) (BK AM CF MU VM SE) [OBSOLETE]
Price 0
490 ## - SERIES STATEMENT
Series statement Surveyor
Volume/sequential designation 170(5168) 7 November 1991, 11(1)
520 ## - SUMMARY, ETC.
Summary, etc. Discusses the impact of the new waste carrier register to be compiled by Waste Regulation Authorities and coming into effect April 1992. Its aim is to eliminate illegal fly tipping. No national register is planned. However, the London Waste Regulation Authority (LWRA) has set up a national voluntary database called ` Co-ordinated Local Authorities Database of Waste Carriers (CLADEAC) to which WRAs are invited to subscribe.
650 ## - SUBJECT ADDED ENTRY--TOPICAL TERM
Topical term or geographic name entry element CONTROL OF POLLUTION (AMENDMENT) ACT 1989
650 ## - SUBJECT ADDED ENTRY--TOPICAL TERM
Topical term or geographic name entry element FLY TIPPING
650 ## - SUBJECT ADDED ENTRY--TOPICAL TERM
Topical term or geographic name entry element WASTE REGULATION AUTHORITIES
690 ## - LOCAL SUBJECT ADDED ENTRY--TOPICAL TERM (OCLC, RLIN)
Topical term or geographic name as entry element LAND
942 ## - ADDED ENTRY ELEMENTS (KOHA)
Suppress in OPAC 0
948 ## - LOCAL PROCESSING INFORMATION (OCLC); SERIES PART DESIGNATOR (RLIN)
c (OCLC) 04/03/1997
Holdings
Withdrawn status Lost status Source of classification or shelving scheme Damaged status Not for loan Home library Current library Shelving location Date acquired Total Checkouts Full call number Barcode Date last seen Copy number Price effective from Koha item type
    Dewey Decimal Classification     London London Journal article 14/09/1999   ABS45459 53103-1001 06/08/2019 1 06/08/2019 Journal article